000 00268nam a2200121Ia 4500
008 221030s9999 xx 000 0 und d
041 _aEnglish
100 _aS. P. Sharma
245 0 _aTourism Education
_cby S. P. Sharma
260 _c0
650 _aMb
942 _cBK
999 _c14313
_d14313